00736cam a2200229 a 4500001000800000005001700008008004100025010001700066020001500083040001800098041000800116080001300124082001700137100000600154101000800160245010100168504005100269906004500320942001200365999001700377952011200394327809320180208034218.0820707s1983 nyua b 001 0 eng  a 82010506  a0387907181 aDLCcDLCdDLC aeng a616 JOH00a616 JOH219 a3 aSHM00aFamily medicine :ceditor, Robert B. Taylor, associate editors, John L. Buckingham ... [et al.]. aIncludes bibliographical references and index. a7bcbccorignewd1eocipf19gy-gencatlg 2ddccBK c42079d42079 00102udc40708PËKGa002b002cPËKGd2018-02-08l0o616 JOHp002-2999201r2018-02-08w2018-02-08yBK